Informes estadístics d'assistència psiquiàtrica 1986 / Diputació de Barcelona. Servei de Psiquiatria
Descripción Física:
83 p. : amb map. ; 30 cm
MARC
| LEADER | 00000nam a2200000Ia 4500 | ||
|---|---|---|---|
| 001 | 7891 | ||
| 008 | 160829s1988 xx 000 0 cat d | ||
| 080 | |a C-1-61 | ||
| 110 | 1 | |a Barcelona (Catalunya : Província). |b Servei de Psiquiatria |9 54514 | |
| 245 | |a Informes estadístics d'assistència psiquiàtrica 1986 / Diputació de Barcelona. Servei de Psiquiatria | ||
| 260 | |a Barcelona : |b [el Servei], |c 1988 | ||
| 300 | |a 83 p. : |b amb map. ; |c 30 cm | ||
| 590 | |a Hi ha un duplicat a: DUP-313 | ||
| 650 | |a Assistència psiquiàtrica |x Barcelona (Província) |x Estadístiques |x 1986 |9 49152 | ||
| 901 | |a Arxiu | ||
| 942 | |n 1 | ||
| 952 | |0 0 |1 0 |4 0 |6 C161 |7 1 |9 55121 |a Arxiu |b Arxiu |d 2016-12-01 |l 0 |o C-1-61 |p 7891 |r 2016-12-01 00:00:00 |w 2016-12-01 |y ARXIU | ||
| 999 | |c 58993 |d 58993 | ||